| 000 | 00628nam a2200205 a 4500 | ||
|---|---|---|---|
| 001 | 000021521 | ||
| 005 | 20200930011344.0 | ||
| 008 | 100908s1968 mx r 000 f spa d | ||
| 040 |
_aDO-SdBNP _bspa _cBNPHU |
||
| 082 |
_aCh863.6 _bA366d |
||
| 100 | 1 |
_aAlegría, Fernando, _c1918-2005 _944858 |
|
| 245 | 1 | 0 |
_aLos días contados / _cFernando Alegría. |
| 260 |
_aMéxico : _bSiglo Ventiuno Editores, _c1968. |
||
| 300 |
_a144 P. ; _c18 cm. |
||
| 490 | 1 | _aLa creación literaria | |
| 650 | 4 |
_aNovela española _91123 |
|
| 650 | 4 |
_aLiteratura española _ySIGLO XX _93326 |
|
| 830 | 0 |
_aLa creación literaria _939687 |
|
| 049 | _aBNGR | ||
| 999 |
_c21021 _d21021 |
||